|
|
|
|
| LEADER |
01148nab#a2200433#ar4500 |
| 001 |
000115513 |
| 003 |
SVKKK |
| 005 |
20150522093418.0 |
| 008 |
150522c2013 xo |||||||||||||||b|slo |
| FMT |
|
|
|
| 015 |
|
|
|a SNBRB2015/05
|
| 038 |
|
|
|a SVKKK
|
| 040 |
|
|
|a SVKKK
|b slo
|e AACR2
|
| 041 |
0 |
|
|a slo
|b slo
|
| 044 |
|
|
|a xo
|c SK
|
| 080 |
|
|
|a 728
|2 2008
|
| 080 |
|
|
|a 904
|2 2008
|
| 090 |
|
|
|a V.231764
|
| 100 |
1 |
|
|a Moravčíková, Andrea
|4 aut
|
| 245 |
1 |
0 |
|a Lučenecká secesia a jej podoby
|c Andrea Moravčíková
|
| 300 |
|
|
|b Fotogr., obr.
|
| 504 |
|
|
|a Bibliogr. odkazy
|
| 546 |
|
|
|a Res. slov.
|
| 650 |
0 |
4 |
|a meštianske domy
|
| 650 |
0 |
4 |
|a secesia
|
| 650 |
0 |
4 |
|a lineárny ornament
|
| 650 |
0 |
4 |
|a secesný architektonický detail
|
| 650 |
0 |
4 |
|a národný maďarský štýl
|
| 650 |
0 |
4 |
|a architektúra
|
| 651 |
|
4 |
|a Lučenec (Slovensko)
|
| 773 |
0 |
|
|t Bardkontakt 2013 : problematika mestských pamiatkových centier. Zborník prednášok
|d Bardejov : Mesto Bardejov, 2013
|g S. 182-187
|z 9788097142742
|
| 958 |
|
|
|a SK
|
| 958 |
|
|
|a NB
|
| 974 |
|
|
|a Va
|
| 992 |
|
|
|a RZB
|
| BAS |
|
|
|
| 852 |
|
|
|a SVKKK
|b BIB
|
| EXP |
|
|
|
| 998 |
|
|
|a SLO
|